2007 Fiji telephone directory.
| Format: | Book |
|---|---|
| Published: |
Suva:
Fiji Directories,
2007.
|
| Subjects: |
| LEADER | 00458cam a2200145 7i4500 | ||
|---|---|---|---|
| 001 | 0000020396 | ||
| 005 | 20080124090000.0 | ||
| 090 | 0 | 0 | |a FIJI 910.259611 |b FIJ |
| 245 | 0 | 0 | |a 2007 Fiji telephone directory. |
| 260 | 0 | 0 | |a Suva: |b Fiji Directories, |c 2007. |
| 300 | # | # | |a [v.p]. |
| 650 | 0 | 0 | |a Fiji -- |x Telephone directories -- |x Yellow pages |
| 650 | 0 | 0 | |a Business -- |x Directories -- |z Fiji |
| 651 | 0 | 0 | |a Fiji |
| 999 | |a B000021372 |b Directories |c Countries |e Business Information Centre | ||